Języki najbardziej podobne do polskiego z wyjątkami - Statystyki

Ogólne statystyki
  • Ten quiz został rozwiązany 3 109 razy
  • Średni wynik to 5 z 10
Statystyki odpowiedzi
Indeks Język % Poprawnych
46,2 Hiszpański
81%
39,6 Włoski
80%
48,8 Francuski
78%
48,2 Portugalski
69%
47,7 Rumuński
59%
40,1 Litewski
58%
48,0 Kataloński
15%
48,0 Romansz
9%
48,0 Oksytański
4%
46,9 Wenecki
4%
Nie znaleziono quizów pasujących do podanych kryteriów
Rozkład punktacji
Procent ludzi z każdym wynikiem
Percentyl według liczby udzielonych odpowiedzi
Twoja historia wyników
Nie rozwiązałeś tego quizu